Normal view
MARC view
- STALLINGS, WILLIAM
Entry Personal Name
001 - CONTROL NUMBER
- control field: 89355
003 - CONTROL NUMBER IDENTIFIER
- control field: NUST
005 - DATE AND TIME OF LATEST TRANSACTION
- control field: 20220222133401.0
008 - FIXED-LENGTH DATA ELEMENTS
- fixed length control field: 220222|| aca||aabn | a|a d
040 ## - CATALOGING SOURCE
- Original cataloging agency: NUST
- Transcribing agency: NUST
100 ## - HEADING--PERSONAL NAME
- Personal name: STALLINGS, WILLIAM
670 ## - SOURCE DATA FOUND
- Source citation: Work cat.: (NUST): STALLINGS, WILLIAM., COMPUTER ORGANIZATION AND ARCHITECTURE /, 2016.
